Statistics for Least Populous Countries in 2050

Click here to take the quiz!

General Stats

  • This quiz has been taken 126 times
  • The average score is 13 of 20

Answer Stats

PopulationCountry% Correct
892Vatican City
99%
75,000Andorra
87%
30,000Monaco
87%
36,000San Marino
86%
44,000Liechtenstein
84%
12,000Nauru
81%
14,000Tuvalu
79%
104,000Marshall Islands
72%
23,000Palau
72%
140,000Kiribati
70%
79,000Tonga
68%
75,000Micronesia
66%
246,000Samoa
66%
115,000Grenada
60%
123,000Antigua and Barbuda
58%
65,000Dominica
56%
101,000Seychelles
53%
57,000Saint Kitts and Nevis
35%
94,000Saint Vincent and the Grenadines
35%
163,000Saint Lucia
32%

Score Distribution

Percentile by Number Answered

Percent of People with Each Score

Your Score History

You have not taken this quiz